Historyczne państwa marionetkowe - Statystyki

Ogólne statystyki
  • Ten quiz został rozwiązany 24 razy
  • Średni wynik to 5 z 17
Statystyki odpowiedzi
Zależne od Państwo % Poprawnych
CesarstwoWielkiej Japonii Mandżukuo
76%
Rzesza Niemiecka Republika Słowacka
52%
II Rzeczpospolita Litwa Środkowa
48%
Federacja Rosyjska Doniecka Republika Ludowa
33%
Rzesza Niemiecka Niepodległe Państwo Chorwackie
33%
Federacja Rosyjska Ługańska Republika Ludowa
29%
Rzesza Niemiecka Serbia Nedicia
29%
Federacja Rosyjska Krym
24%
Republika Armenii Republika Górskiego Karabachu
24%
Związek Radziecki Tuwińska Republika Ludowa
24%
Cesarstwo Wielkiej Japonii Mengjiang
19%
Rzesza Niemiecka Włoska Republika Socjalna
19%
Cesarstwo WielkiejJaponii Cesarstwo Wietnamu
14%
Rzesza Niemiecka Królestwo Albanii
14%
Rzesza Niemiecka Protektorat Czech i Moraw
14%
Rosyjska FSRR Ukraińska SRR
14%
Cesarstwo Wielkiej Japonii Państwo Birma
10%
Nie znaleziono quizów pasujących do podanych kryteriów
Rozkład punktacji
Procent ludzi z każdym wynikiem
Percentyl według liczby udzielonych odpowiedzi
Twoja historia wyników
Nie rozwiązałeś tego quizu